| 000 | 01036nam a2200337Ia 4500 | ||
|---|---|---|---|
| 003 | EC-GqESP | ||
| 005 | 20251105133736.0 | ||
| 008 | 250425s9999 xx 000 0 und d | ||
| 010 | _a34036 | ||
| 020 | _a9682606922 | ||
| 041 | _aspa | ||
| 043 | _amx | ||
| 082 |
_a658.5 _pHOT |
||
| 100 | _aHOPEMAN, RICHARD J. | ||
| 245 | 0 | _aADMINISTRACION DE PRODUCCION Y OPERACIONES: PLANEACION ANALISIS Y CONTROL | |
| 250 | _a1A ED. | ||
| 260 |
_aMéxico _bCOMPAÑIA EDITORIAL CONTINENTAL, S.A. _c1986 |
||
| 260 | _aS.L. | ||
| 300 | _a662 | ||
| 500 | _aEN CIBGZ-FIMCP 50023/24 C.1-2. | ||
| 500 | _aTítulo Traducido: PRODUCTION AND OPERATIONS MANAGEMENT. PLANNING ANALYSIS CONTROL | ||
| 650 | _aADMINISTRACION DE LA PRODUCCION | ||
| 650 | _aADMINISTRACION DE OPERACIONES | ||
| 650 | _aANALISIS (GENERAL) | ||
| 650 | _aCONTROL | ||
| 650 | _aORGANIZACION | ||
| 650 | _aPLANEACION | ||
| 700 |
_aMA. ASCENSION DE LA CAMPA PEREZ-SEVILLA _etraductor |
||
| 710 | _aCOMPAÑIA EDITORIAL CONTINENTAL S.A. DE C.V. | ||
| 942 | _c01 | ||
| 999 |
_c218279 _d218279 |
||